000
00184nam a2200085Ia 4500
008
120527s9999 xx 000 0 und d
100
_a
Strau & Myers
245
_a
Psychology
942
_c
BK
999
_c
27652
_d
27652